00413nam a2200157Ia 4500008004100000020001800041041000800059082001600067100001700083245005100100250001300151260003500164300000800199365001600207700003200223230718s9999 xx 000 0 und d a9788186314008 aeng a620.11bKOD aKodgire V.D. aMaterial Science And Metallurgy For Engineers  a46th ed. c2021bEverest Publishing House a764 cRs.b525.00 aKodgire V.D. & Kodgire S.V.